| 000 | 00721nam a2200229 a 4500 | ||
|---|---|---|---|
| 999 |
_c1442 _d1442 |
||
| 001 | 1442 | ||
| 003 | BD-JhCC | ||
| 005 | 20171019202006.0 | ||
| 008 | 171019s2006 bg ||||| |||| 00| 0 ben d | ||
| 020 | _a984868395X | ||
| 035 | _a(BD-JhCC) 1442 | ||
| 040 |
_aBD-JhCC _dBD-JhCC |
||
| 041 | _aben | ||
| 082 |
_a954.92 _bCHO 2006 |
||
| 100 | _aচৌধুরী, সিরাজুল ইসলাম | ||
| 245 |
_aবিচ্ছিন্নতার সত্য-মিথ্যা / _cসিরাজুল ইসলাম চৌধুরী |
||
| 260 |
_aঢাকা : _bঅন্যপ্রকাশ, _c2006 |
||
| 300 |
_a199 p. : _c21 cm |
||
| 650 |
_aHistory _zBangladesh |
||
| 942 |
_2ddc _cBK |
||